000 00586nam a2200169Ia 4500
008 230718s9999 xx 000 0 und d
020 _a9789351104148
041 _aeng
082 _a005.43
_bMCT
100 _aMcTear M.F.
_9195829
245 _aVoice Application Development For Android
_bA Practical Guide To Develop Advanced And Exciting Voice Applications For Android Using Open Source Software
260 _c2013
_bPackt/SPD
300 _a113
365 _cRs.
_b275.00
700 _aMcTear M.F. & Callejas Z.
_9195830
906 _dO:0378820-Feb-2014B:486902-Feb-2014
_cCOMP
_b60.5
999 _c335569
_d335569